| 000 | 00916cad a22002295a 4500 | ||
|---|---|---|---|
| 001 | L158599 | ||
| 008 | 121219e2015 xxk 000 0 eng d | ||
| 035 | _a(Sirsi) u158599 | ||
| 041 | 0 | _aeng | |
| 100 | 1 | _aParrett, Mike | |
| 245 | 0 | 0 |
_aDon't slip through the cracks _h[electronic resource] |
| 260 | _c2015 | ||
| 490 |
_aRICS Property Journal _vMay-June 2015, 38-39(2) |
||
| 520 | _aConsiders the importance of both clearly defined terms of engagement and property location when dealing with a case of cracking in buildings using a case study. | ||
| 650 | 2 | 4 | _aHUBBARD V BANK OF SCOTLAND PLC |
| 650 | 2 | 4 | _aSTRUCTURAL MOVEMENT |
| 651 | 4 |
_aUnited Kingdom _y |
|
| 690 | _aBuilding materials and defects | ||
| 710 |
_aRoyal Institution of Chartered Surveyors _94900 |
||
| 856 | 4 | 0 |
_uhttps://www.rics.org/uk/news/journals/property-journal _zView the journal free of charge at www.rics.org/journals... |
| 942 | _n0 | ||
| 999 |
_c84634 _d84634 |
||